000 01083cam a2200241 a 4500
001 000006630
005 20200929153948.0
008 860827s1987 pr ac b 001 0 spa d
020 _a0865813809
040 _aDO-SdBNP
_cDLC
_dDLC
050 0 0 _aPQ7439.L3
_bA836 1987
082 _a928.61
_bM754e
100 1 _aMonserrat Gámiz, María del Carmen.
_918402
245 1 0 _aEnrique A. Laguerre y "Los amos benévolos" /
_cMaría del Carmen Monserrat Gámiz.
260 _aSan Juan, Puerto Rico :
_bInstituto de Cultura Puertorriqueña,
_c1987.
300 _axi, 582 p. :
_bil., retrs. ;
_c24 cm.
500 _aBasado en parte en la tesis del autor (doctoral) - Universidad Complutense de Madrid, 1980, presentado bajo el título: La personalidad del puertorriqueño y los Aspectos educativos en la novelística contemporánea de Puerto Rico.
504 _aIncluye referencias bibliográficas (p. [333]-346).
600 1 0 _aLAGUERRE, ENRIQUE A
_tAMOS BENÉVOLOS
_918403
600 1 0 _aLAGUERRE, ENRIQUE A
_xBIBLIOGRAFÍA
_918404
910 _aCatalogación por copia / LC
049 _aBNGR
999 _c6420
_d6420